| 000 | 00411nam a2200109Ia 4500 | ||
|---|---|---|---|
| 008 | 160523s9999 xx 000 0 und d | ||
| 245 | _aPolyphonic Anthropology - Theoretical and Empirical Cross-Cultural Fieldwork | ||
| 245 | _c Massimo Canevacci | ||
| 260 | _c2012 | ||
| 650 | _xPsychology. | ||
| 856 | _uhttp://www.intechopen.com/books/polyphonic-anthropology-theoretical-and-empirical-cross-cultural-fieldwork | ||
| 999 |
_c294803 _d294803 |
||